01300 2200433 4500001002100000005001500021035002000036007000300056008004100059082001200100084001800112100003300130245004700163250002000210300003200230650001300262700003300275520018800308264004000496336002100536337003000557338002300587990001600610990001600626990001600642990001600658990001600674990001600690990001600706990001600722990001600738990001600754990001600770990001600786990001600802990001600818990001600834990001600850INLIS00000000000001820210204095541 a0010-0121000013ta210204 g 0 ind  a370.114 a370.114 RUS c0 aRuslan Abdul GaniePengarang1 aCiri Khas Anak Genius /cRuslan Abdul Gani aCetakan Pertama av, 72 halaman ;c21 x 14 cm 4aMotivasi0 aRuslan Abdul GaniePengarang aPemahaman, pengertian, mengenai indvidu genius sangat penting, lebih lagi untuk kalangan pendidik, sekolah khususnya guru dan konselor, demikian pula bagi orang tua yang bersangkutan. aBandung :bSarana Cipta Ilmu,c1997 aTeks2rdacontent aTanpa Perantara2rdamedia aVolume2rdacarrier a00000000143 a00000000144 a00000000145 a00000000146 a00000000147 a00000000148 a00000000149 a00000000150 a00000000151 a00000000152 a00000000153 a00000000154 a00000000155 a00000000156 a00000000157 a00000000158